Concepts of object- oriented programming / David N. Smith (Registro nro. 12057)
[ vista simple ]
| 000 -LÍDER | |
|---|---|
| fixed length control field | 00551nam a2200157 4500 |
| 008 - ELEMENTOS DE LONGITUD FIJA -- INFORMACIÓN GENERAL | |
| fixed length control field | 0 1991 0a 000 0USA |
| 020 ## - NÚMERO INTERNACIONAL NORMALIZADO PARA LIBROS | |
| ISBN | 0-07-059177-6 |
| 050 ## - SIGNATURA TOPOGRAFICA DE LA BIBLIOTECA DEL CONGRESO (LC) | |
| Número de Clasificación | QA76 64 S645 |
| 082 ## - NUMERO DE CLASIFICACION DECIMAL DEWEY | |
| Número de Clasificación | 001.642.3 S824c |
| 100 ## - ASIENTO PRINCIPAL--NOMBRE PERSONAL | |
| Nombre personal | Smith, David N. |
| 245 ## - TÍTULO | |
| Título | Concepts of object- oriented programming / David N. Smith |
| 260 ## - PUBLICACIÓN, DISTRIBUCIÓN, ETC. (PIE DE IMPRENTA) | |
| Lugar de publicación, distribución, etc. | United States of America : McGraw-Hill |
| 300 ## - DESCRIPCIÓN FÍSICA | |
| Extensión | xii, 187 p. / 24 cm. - (McGraw-hill series on programming languages) |
| 500 ## - NOTA GENERAL | |
| Nota general | Incluye bibliografía e índice |
| 650 ## - ASIENTO SECUNDARIO DE MATERIA - TERMINO TEMÁTICO | |
| Término temático o nombre geográfico como elemento de entrada | 1.PROGRAMACIÓN ORIENTADA A OBJETOS |
| No. biblioteca | No. biblioteca | Número de clasificación | Código de barras/Número de adquisición | Número de copia | Tipo de material |
|---|---|---|---|---|---|
| LUIS G. INCLAN | LUIS G. INCLAN | 001.642.3 S824c | 20311 | 1 | Libros |
| LUIS G. INCLAN | LUIS G. INCLAN | 001.642.3 S824c | 20312 | 2 | Libros |
| LUIS G. INCLAN | LUIS G. INCLAN | 001.642.3 S824c | 20313 | 3 | Libros |
